Méthodes mathématiques non numériques et leurs algorithmes /
Guardado en:
| Autor Principal: | |
|---|---|
| Otros Autores: | |
| Formato: | Libro |
| Idioma: | French |
| Publicado: |
Paris :
Masson,
1977.
|
| Materias: | |
| Etiquetas: |
Agregar Etiqueta
Sin Etiquetas, Sea el primero en etiquetar este registro!
|
| LEADER | 00985cam a2200253 a 4500 | ||
|---|---|---|---|
| 001 | MAT.inmabb004496 | ||
| 008 | 800711s1977####fr#a#####b####001#0#fre## | ||
| 005 | 20170605124622.0 | ||
| 245 | 1 | 0 | |a Méthodes mathématiques non numériques et leurs algorithmes / |c par A. Kaufmann, E. Pichat ; préface du Pr. J. Kuntzmann. |
| 260 | |a Paris : |b Masson, |c 1977. | ||
| 300 | |a 2 v. : |b il. ; |c 25 cm. | ||
| 504 | |a Incluye referencias bibliográficas e índices. | ||
| 505 | 0 | |a t. 1. Algorithmes de recherche des éléments maximaux. -- t. 2. Algorithmes de recherche de chemins et problèmes associés. | |
| 510 | 4 | |a MR, |c 56 #17190a | |
| 020 | |a 2225448582 (v. 1) | ||
| 020 | |a 2225448698 (v. 2) | ||
| 100 | 1 | |a Kaufmann, A. |q (Arnold), |d 1911- | |
| 700 | 1 | |a Pichat, E. | |
| 650 | 0 | |a Operations research. | |
| 084 | |a 68A10 (94A20) |2 MR | ||
| 010 | |a 80484629 | ||
| 040 | |a DLC |c DLC |d DLC | ||
| 859 | |h 68 |i K21 |p A-4916 |v 1 |3 tome 1 |b BIB. MATEMATICA | ||
| 859 | |h 68 |i K21 |p A-4917 |v 2 |3 tome 2 |b BIB. MATEMATICA | ||
